000 00844cam a22002413a 4500
001 31457
003 PGUSA
005 20140828083700.0
008 100301s2010||||xxu|||||s|||||000 | eng d
040 _aPGUSA
_beng
042 _adc
050 4 _aD501
100 1 _aBeck, James M.
_q(James Montgomery),
_d1861-1936
245 1 4 _aThe Evidence in the Case :
_bA Discussion of the Moral Responsibility for the War of 1914, as Disclosed by the Diplomatic Records of England, Germany, Russia
_h[electronic resource] /
_cJames M. Beck
260 _bProject Gutenberg,
_c2010
506 _aPublic domain in the USA.
516 _aElectronic text
653 _aWorld War, 1914-1918 -- Causes
700 1 _aChoate, Joseph Hodges,
_d1832-1917
830 0 _aProject Gutenberg
_v31457
856 4 0 _uhttp://www.gutenberg.org/ebooks/31457
942 _cEB
999 _c260712
_d260712